[Event "2nd Sinquefield Cup"]
[Site "St. Louis USA"]
[Date "2014.08.28"]
[Round "2"]
[White "Aronian, Levon"]
[Black "Topalov, Veselin"]
[Result "1-0"]
[WhiteElo "2805"]
[BlackElo "2772"]
[EventDate "2014.08.28"]
[PlyCount "57"]

1. d4 d5 2. c4 c6 3. Nf3 Nf6 4. Nc3 a6 5. e3 b5 6. c5 g6 7. Bd2 Bg7 8. b4 a5 9. bxa5 Ne4 10. Nxe4 dxe4 11. Ng5 Qd5 12. f4 h6 13. Nh3 Bxh3 14. gxh3 Bxd4 15. exd4 e3 16. Bxe3 Qxh1 17. Qd2 Na6 18. O-O-O Qd5 19. Bg2 Qc4+ 20. Kb1 Qe6 21. d5 Qf5+ 22. Kb2 O-O-O 23. d6 exd6 24. cxd6 Qf6+ 25. Kb1 Qf5+ 26. Kc1 Qf6 27. d7+ Kb7 28. Bd4 Qe6 29. Bxh8 1-0

[Event "2nd Sinquefield Cup"]
[Site "St. Louis USA"]
[Date "2014.08.31"]
[Round "5"]
[White "Aronian, Levon"]
[Black "Carlsen, Magnus"]
[Result "0-1"]
[WhiteElo "2805"]
[BlackElo "2877"]
[EventDate "2014.08.31"]
[PlyCount "140"]

1. d4 Nf6 2. Nf3 b6 3. g3 Bb7 4. c4 g6 5. Bg2 Bg7 6. O-O O-O 7. Re1 e6 8. Nc3 Ne4 9. Nxe4 Bxe4 10. Bg5 Qe8 11. Qd2 d6 12. Bh6 Nd7 13. Rac1 Qe7 14. Bxg7 Kxg7 15. Bh3 Nf6 16. Nh4 Bb7 17. f3 c5 18. e4 cxd4 19. Qxd4 Rfd8 20. Ng2 Qc7 21. Ne3 Qc5 22. Qc3 a5 23. Red1 h5 24. Rd3 b5 25. b3 bxc4 26. bxc4 Bc6 27. Rcd1 Rd7 28. Bg2 Rb8 29. Qd4 Qe5 30. f4 Qxd4 31. Rxd4 Rc7 32. R1d2 Ne8 33. Kf2 Kf8 34. c5 dxc5 35. Rc4 Bb5 36. Rc3 c4 37. e5 Rc5 38. Nc2 Nc7 39. Nd4 Nd5 40. Bxd5 Rxd5 41. Nf3 Rc5 42. Rb2 Rd8 43. Nd2 Bc6 44. Nb3 Rb8 45. Rcc2 c3 46. Rb1 Rcb5 47. Rxc3 Bd5 48. Rbc1 Bxb3 49. Rxb3 Rxb3 50. axb3 Rxb3 51. Rc8+ Ke7 52. Kg2 a4 53. Kh3 g5 54. fxg5 Rb4 55. Ra8 Rg4 56. Ra7+ Kf8 57. g6 fxg6 58. Kg2 g5 59. Kf3 Rb4 60. Ke3 Ke8 61. Kd3 h4 62. Kc3 hxg3 63. hxg3 Rg4 64. Kd3 a3 65. Ke3 Rxg3+ 66. Kd4 g4 67. Ra8+ Kd7 68. Kc5 Rd3 69. Kc4 Rf3 70. Kc5 g3 0-1

[Event "2nd Sinquefield Cup"]
[Site "St. Louis USA"]
[Date "2014.09.03"]
[Round "7"]
[White "Topalov, Veselin"]
[Black "Aronian, Levon"]
[Result "1/2-1/2"]
[WhiteElo "2772"]
[BlackElo "2805"]
[EventDate "2014.09.03"]
[PlyCount "79"]

1. d4 Nf6 2. c4 e6 3. Nf3 d5 4. Nc3 Nbd7 5. g3 dxc4 6. Bg2 Rb8 7. a4 Bb4 8. O-O O-O 9. Nd2 e5 10. Nxc4 exd4 11. Qxd4 Nc5 12. Qxd8 Rxd8 13. Bf4 Ne6 14. Be3 a6 15. Ne5 Bd6 16. Nc4 Bb4 17. Rfc1 Nd4 18. Bxd4 Rxd4 19. b3 c6 20. h3 Be6 21. e3 Rdd8 22. Ne2 g6 23. Nd4 Bd5 24. a5 h5 25. Ra4 Bc5 26. Bxd5 Rxd5 27. Ne2 Be7 28. Nc3 Rb5 29. Nd2 Rb4 30. Rxb4 Bxb4 31. Nc4 Rd8 32. Na2 Be7 33. Nc3 Nd5 34. Na4 Nb4 35. Kf1 Rd3 36. Rb1 Na2 37. Ra1 Nb4 38. Rb1 Na2 39. Ra1 Nb4 40. Rb1 1/2-1/2

[Event "2nd Sinquefield Cup"]
[Site "St. Louis USA"]
[Date "2014.09.05"]
[Round "9"]
[White "Carlsen, Magnus"]
[Black "Aronian, Levon"]
[Result "1/2-1/2"]
[WhiteElo "2877"]
[BlackElo "2805"]
[EventDate "2014.09.05"]
[PlyCount "168"]

1. d4 Nf6 2. c4 e6 3. Nf3 d5 4. Nc3 Be7 5. Bg5 h6 6. Bh4 O-O 7. e3 Ne4 8. Bxe7 Qxe7 9. Rc1 c6 10. Qc2 Nxc3 11. Qxc3 Nd7 12. Be2 dxc4 13. Qxc4 e5 14. O-O exd4 15. Nxd4 Nf6 16. b4 Bd7 17. Rfd1 Rfe8 18. Qc5 g6 19. a4 Qxc5 20. bxc5 a5 21. Nb3 Re5 22. Rd4 Kf8 23. Kf1 Ke7 24. Bc4 g5 25. h3 b5 26. cxb6 Rb8 27. f4 Rxe3 28. Nc5 Rxb6 29. Kf2 gxf4 30. Rxf4 Re5 31. Rxf6 Be8 32. Rf4 Rxc5 33. Re4+ Kf8 34. Rxe8+ Kxe8 35. Bxf7+ Kxf7 36. Rxc5 Rb4 37. Rxa5 c5 38. Ke3 Rd4 39. Ra6 Kg7 40. a5 Ra4 41. g4 h5 42. gxh5 Ra3+ 43. Ke4 c4 44. Kd4 c3 45. Kd3 Kh7 46. h6 Rb3 47. Kc2 Rb5 48. Kxc3 Rf5 49. Ra8 Rb5 50. Kc4 Rf5 51. Kb4 Rf4+ 52. Kc5 Rf5+ 53. Kd4 Rb5 54. Ke4 Rc5 55. Ra6 Rb5 56. h4 Rc5 57. Kd4 Rb5 58. Kc4 Rf5 59. Kb4 Rf4+ 60. Kc5 Rf5+ 61. Kb6 Rf6+ 62. Kb7 Rf7+ 63. Kc8 Rf8+ 64. Kd7 Rf5 65. Ra8 Rd5+ 66. Ke6 Rb5 67. Kf6 Rc5 68. Ra7+ Kxh6 69. Kf7 Rb5 70. a6 Rb6 71. Kg8 Rb8+ 72. Kf7 Rb6 73. Ke7 Kg6 74. Kd7 Rf6 75. Ra8 Kg7 76. Kc7 Rf7+ 77. Kd6 Rf6+ 78. Ke5 Rb6 79. Ra7+ Kg6 80. h5+ Kh6 81. Kf5 Rc6 82. Re7 Rxa6 83. Re6+ Rxe6 84. Kxe6 Kxh5 1/2-1/2